Person-centred counselling in action
Gespeichert in:
| 1. Verfasser: | |
|---|---|
| Format: | Buch |
| Sprache: | Englisch |
| Veröffentlicht: |
Sage publications,
2013.
|
| Tags: |
Tag hinzufügen
Keine Tags, Fügen Sie den ersten Tag hinzu!
|
MARC
| LEADER | 00000nam a22000007a 4500 | ||
|---|---|---|---|
| 008 | 210528b ||||| |||| 00| 0 eng d | ||
| 020 | |a 978-1-4462-5253-6 | ||
| 100 | |a MEARNS, Dave. | ||
| 245 | |a Person-centred counselling in action |c Dave Mearns and Brian Thorne with john McLeod |e (Sage counselling in action) |g x, 228p. ; ill. | ||
| 250 | |b 4th edition | ||
| 260 | |b Sage publications, |c 2013. |h Los Angeles: |i 692132 |i 692133 |l BF637 .C6M46 |m Counselling. | ||
| 500 | |a “It includes references and index”. | ||
| 942 | |a lcc |c BK |e Adeniran, F. A. |f 28/05/ 2021 | ||
| 952 | |0 0 |1 0 |2 lcc |4 0 |6 BF0637 C6 M46 |7 0 |9 2465 |a HOL |b ED |c AF |d 2021-05-28 |l 0 |o BF637 .C6M46 |p 2021-6317 |r 2021-05-28 00:00:00 |w 2021-05-28 |y BK | ||
| 952 | |0 0 |1 0 |2 lcc |4 0 |6 BF0637 C6 M46 |7 0 |9 2466 |a HOL |b HOL |c AF |d 2021-05-28 |l 0 |o BF637 .C6M46 |p 2021-6318 |r 2021-05-28 00:00:00 |w 2021-05-28 |y BK | ||
| 999 | |c 1284 |d 1284 | ||